[Event "Vienna Chess Open 2013"]
[Site "Großer Festsaal im Wiener Rat"]
[Date "2013.08.18"]
[Round "2.21"]
[White "Zeller, Frank"]
[Black "Swijsen, Lars"]
[Result "1/2-1/2"]
[WhiteElo "2194"]
[BlackElo "2419"]
[PlyCount "70"]
[EventDate "2013.??.??"]

1. d4 d5 2. c4 c6 3. Nf3 Nf6 4. Nc3 a6 5. a4 e6 6. e3 Bb4 7. Bd3 Nbd7 8. O-O
O-O 9. Bd2 a5 10. Qc2 Qe7 11. Rfe1 dxc4 12. Bxc4 e5 13. Ba2 e4 14. Ng5 Bxc3 15.
bxc3 h6 16. Nh3 g5 17. f3 Nb6 18. Bc1 Be6 19. fxe4 Bxa2 20. Rxa2 Qxe4 21. Qb2
Nc4 22. Qe2 Nd6 23. Ba3 Rfd8 24. Nf2 Qe6 25. Bxd6 Qxd6 26. e4 Qe6 27. Rb2 Rd7
28. Nd3 Qc4 29. Nc5 Qxc3 30. Nxd7 Qxd4+ 31. Kh1 Qxd7 32. Kg1 Qd4+ 33. Qf2 Qxf2+
34. Kxf2 Nd7 35. Rxb7 Nc5 1/2-1/2

[Event "Vienna Chess Open 2013"]
[Site "Großer Festsaal im Wiener Rat"]
[Date "2013.08.18"]
[Round "2.22"]
[White "Wagner, Stefan"]
[Black "Guido, Flavio"]
[Result "1/2-1/2"]
[WhiteElo "2418"]
[BlackElo "2190"]
[PlyCount "105"]
[EventDate "2013.??.??"]

1. c4 Nf6 2. g3 c5 3. Bg2 d5 4. cxd5 Nxd5 5. Nc3 Nc7 6. Nf3 Nc6 7. O-O e5 8.
Ne1 Bg4 9. Qa4 Bd7 10. Nd3 Nb4 11. Qd1 Nxd3 12. exd3 Rb8 13. f4 exf4 14. Rxf4
Be7 15. Nd5 O-O 16. Nxe7+ Qxe7 17. b4 Ne6 18. Rh4 cxb4 19. Bb2 Bc6 20. a3 Qc5+
21. d4 Qb6 22. Qh5 h6 23. axb4 Rbd8 24. Qe5 Bxg2 25. Kxg2 Qc6+ 26. Kg1 Rd5 27.
Qe3 a6 28. Rg4 Kh8 29. Rf1 Rg5 30. Rxg5 Nxg5 31. h4 Ne6 32. d5 Qxd5 33. Qxh6+
Kg8 34. Qe3 Rd8 35. Bc3 Qd3 36. Qf2 Rd7 37. Kh2 Nd4 38. Qf4 Ne2 39. Qf3 Nxc3
40. dxc3 Qc4 41. Re1 Rd2+ 42. Kh3 Qc8+ 43. g4 Qc7 44. Re8+ Kh7 45. Qe4+ g6 46.
Qe5 Qxe5 47. Rxe5 Rd3+ 48. Kg2 Rxc3 49. Re7 Rc4 50. Rxf7+ Kg8 51. Rxb7 Rxg4+
52. Kh3 Rc4 53. Kg3 1/2-1/2

[Event "Vienna Chess Open 2013"]
[Site "Großer Festsaal im Wiener Rat"]
[Date "2013.08.18"]
[Round "2.23"]
[White "Dastan, M.Batuhan"]
[Black "Sucher, Johannes"]
[Result "1-0"]
[WhiteElo "2188"]
[BlackElo "2417"]
[PlyCount "41"]
[EventDate "2013.??.??"]

1. e4 d5 2. exd5 Nf6 3. c4 e6 4. dxe6 Bxe6 5. Nf3 Nc6 6. d4 Qe7 7. Qe2 Bg4 8.
Be3 O-O-O 9. d5 Qb4+ 10. Nc3 Ne4 11. Qc2 Bc5 12. dxc6 Rhe8 13. Be2 Bf5 14. Qb3
Nxf2 15. Qxb4 Bxb4 16. Kxf2 Rxe3 17. cxb7+ Kb8 18. Kxe3 Bc5+ 19. Kf4 g6 20.
Rad1 Re8 21. Kg3 1-0

[Event "Vienna Chess Open 2013"]
[Site "Großer Festsaal im Wiener Rat"]
[Date "2013.08.18"]
[Round "2.24"]
[White "Seyfried, Claus"]
[Black "Hendriks, Willy"]
[Result "1/2-1/2"]
[WhiteElo "2417"]
[BlackElo "2190"]
[PlyCount "55"]
[EventDate "2013.??.??"]

1. e4 c5 2. c3 g6 3. d4 cxd4 4. cxd4 d5 5. e5 Nc6 6. Nc3 Bg7 7. h3 f6 8. exf6
Nxf6 9. Nf3 O-O 10. Be2 Bf5 11. O-O Ne4 12. Be3 Qd7 13. Rc1 Kh8 14. Qb3 Rad8
15. Rfd1 Nxc3 16. Rxc3 Be6 17. Rdc1 Bg8 18. Qd1 e5 19. Nxe5 Bxe5 20. dxe5 d4
21. Rd3 Qf5 22. Rxc6 bxc6 23. Rxd4 Bd5 24. f4 Qf7 25. Bc4 Rd7 26. f5 gxf5 27.
Bg5 Qg6 28. Bf6+ 1/2-1/2

[Event "Vienna Chess Open 2013"]
[Site "Großer Festsaal im Wiener Rat"]
[Date "2013.08.18"]
[Round "2.25"]
[White "Manik, Mikulas"]
[Black "Knitl, Anton"]
[Result "1-0"]
[WhiteElo "2184"]
[BlackElo "2413"]
[PlyCount "55"]
[EventDate "2013.??.??"]

1. e4 c5 2. Nf3 e6 3. d4 cxd4 4. Nxd4 a6 5. Nc3 d6 6. Be3 b5 7. Qd2 Nf6 8. f3
Bb7 9. O-O-O Nbd7 10. g4 h6 11. h4 b4 12. Nce2 d5 13. Bh3 dxe4 14. g5 exf3 15.
gxf6 fxe2 16. Qxe2 Qxf6 17. Rhf1 Qe5 18. Qd2 Bc5 19. Rxf7 Kxf7 20. Bxe6+ Kg6
21. h5+ Kh7 22. Bf5+ Kg8 23. Bxd7 Rd8 24. Be6+ Qxe6 25. Nxe6 Rxd2 26. Bxd2 Be7
27. Bxb4 Bxb4 28. Rd7 1-0

[Event "Vienna Chess Open 2013"]
[Site "Großer Festsaal im Wiener Rat"]
[Date "2013.08.18"]
[Round "2.26"]
[White "Wallner, Joachim"]
[Black "Trkulja, Zoran"]
[Result "1-0"]
[WhiteElo "2181"]
[BlackElo "2407"]
[PlyCount "41"]
[EventDate "2013.??.??"]

1. e4 d6 2. d4 Nf6 3. Nc3 g6 4. f4 Bg7 5. Nf3 O-O 6. Bd3 Bg4 7. h3 Bxf3 8. Qxf3
Nc6 9. Be3 Nb4 10. O-O-O c5 11. dxc5 Nd7 12. cxd6 exd6 13. e5 Qa5 14. a3 Nc6
15. Bb5 Rac8 16. Rxd6 Ndxe5 17. fxe5 Nxe5 18. Qd5 Qc7 19. Rd1 a6 20. Be2 Nc6
21. Rd7 1-0

[Event "Vienna Chess Open 2013"]
[Site "Großer Festsaal im Wiener Rat"]
[Date "2013.08.18"]
[Round "2.27"]
[White "Mahdy, Khaled"]
[Black "Loidl, Florian"]
[Result "1-0"]
[WhiteElo "2178"]
[BlackElo "2397"]
[PlyCount "81"]
[EventDate "2013.??.??"]

1. e4 c6 2. d4 d5 3. Nd2 dxe4 4. Nxe4 Bf5 5. Ng3 Bg6 6. h4 h6 7. Nf3 Nd7 8. h5
Bh7 9. Bd3 Bxd3 10. Qxd3 e6 11. Bd2 Ngf6 12. O-O-O Be7 13. Qe2 c5 14. Rhe1 O-O
15. Kb1 Qc7 16. Bc1 Rfd8 17. Ne5 Nxe5 18. dxe5 Rxd1 19. Rxd1 Nd7 20. f4 Rd8 21.
Ne4 Nb6 22. Rxd8+ Qxd8 23. c4 Qd4 24. b3 Kf8 25. Nf2 a5 26. Be3 Qd8 27. Qc2 Ke8
28. Qe4 Qa8 29. a4 Nd7 30. g4 Bf8 31. Kc2 Kd8 32. f5 Qa6 33. Nd3 Kc7 34. Bd2 b6
35. fxe6 fxe6 36. Nf4 Qc8 37. Nxe6+ Kb8 38. Nf4 Be7 39. Nd5 Qd8 40. Bf4 Ka7 41.
Qg6 1-0

[Event "Vienna Chess Open 2013"]
[Site "Großer Festsaal im Wiener Rat"]
[Date "2013.08.18"]
[Round "2.28"]
[White "Lewicki, Miroslaw"]
[Black "Handler, Lukas"]
[Result "1/2-1/2"]
[WhiteElo "2393"]
[BlackElo "2188"]
[PlyCount "109"]
[EventDate "2013.??.??"]

1. e4 e5 2. Nf3 Nc6 3. Nc3 Nf6 4. Bc4 Bc5 5. d3 O-O 6. Bg5 h6 7. Bh4 Be7 8. O-O
d6 9. h3 Na5 10. a3 Nxc4 11. dxc4 b6 12. Qd3 Be6 13. Rad1 Nh5 14. Bxe7 Qxe7 15.
Nd5 Bxd5 16. cxd5 Nf4 17. Qe3 f5 18. Kh2 fxe4 19. Qxe4 Rf6 20. g3 Qf7 21. Ng1
Ng6 22. Kg2 Rf8 23. f3 Ne7 24. Ne2 Nf5 25. Rd3 a5 26. b3 Kh8 27. h4 Ne7 28. c4
Nf5 29. Kf2 Qg6 30. Rh1 Qf7 31. Kg2 Ne7 32. h5 Ng8 33. g4 Qd7 34. a4 R6f7 35.
Ng3 Nf6 36. Qe2 Nh7 37. Ne4 Rf4 38. Re3 Qf7 39. Rh3 Nf6 40. Rg3 Nxe4 41. Rxe4
Qe7 42. Rxf4 Rxf4 43. Kh3 Qf6 44. Qe3 Kg8 45. Qc3 Kf7 46. Qe3 Qg5 47. Qd3 Rd4
48. Qh7 Rd1 49. Qe4 Ke7 50. Rg2 Rd4 51. Qc2 Qe3 52. Qf5 Rf4 53. Qe6+ Kd8 54.
Qg8+ Kd7 55. Qe6+ 1/2-1/2

[Event "Vienna Chess Open 2013"]
[Site "Großer Festsaal im Wiener Rat"]
[Date "2013.08.18"]
[Round "2.29"]
[White "Manea, Alexandru"]
[Black "Heinl, Thomas"]
[Result "1-0"]
[WhiteElo "2177"]
[BlackElo "2390"]
[PlyCount "93"]
[EventDate "2013.??.??"]

1. d4 d6 2. e4 Nf6 3. f3 Nbd7 4. Ne2 c5 5. c4 g6 6. Nbc3 a6 7. Be3 b6 8. Qd2
Rb8 9. a4 Bg7 10. Rd1 Qc7 11. d5 Ne5 12. Nc1 O-O 13. Be2 e6 14. dxe6 Bxe6 15.
b3 Nc6 16. O-O Nd4 17. Kh1 Qb7 18. Rfe1 Nh5 19. Bf1 f5 20. exf5 Nxf5 21. Bg5
Bf7 22. Bd3 h6 23. Bxf5 hxg5 24. Be4 Qd7 25. N1e2 Be5 26. Qxg5 Qd8 27. Qxd8
Rfxd8 28. g3 Nf6 29. f4 Bxc3 30. Nxc3 b5 31. axb5 axb5 32. Nxb5 Nxe4 33. Rxe4
d5 34. Re5 dxc4 35. Rxd8+ Rxd8 36. bxc4 Bxc4 37. Rxc5 Rd1+ 38. Kg2 Rd2+ 39. Kg1
Rd1+ 40. Kg2 Rd2+ 41. Kh3 Be6+ 42. g4 Rd3+ 43. Kh4 Kg7 44. Kg5 Bd7 45. Nc3 Kf7
46. Rd5 Rxc3 47. Rxd7+ 1-0

[Event "Vienna Chess Open 2013"]
[Site "Großer Festsaal im Wiener Rat"]
[Date "2013.08.18"]
[Round "2.30"]
[White "Liepold, Stefan"]
[Black "Milenkovic, Mladen"]
[Result "0-1"]
[WhiteElo "2390"]
[BlackElo "2188"]
[PlyCount "60"]
[EventDate "2013.??.??"]

1. e4 d6 2. d4 Nf6 3. Nc3 g6 4. Be3 c6 5. Qd2 b5 6. a3 Nbd7 7. Nf3 Qc7 8. Be2
Bb7 9. O-O Bg7 10. Bh6 O-O 11. Bxg7 Kxg7 12. Rfe1 e5 13. Rad1 a6 14. Bf1 Rfe8
15. h3 Rad8 16. d5 cxd5 17. exd5 Nb6 18. Nh2 Nbxd5 19. Nxd5 Nxd5 20. Ng4 Nf4
21. Re3 h5 22. Rc3 Qe7 23. g3 Nxh3+ 24. Bxh3 hxg4 25. Bxg4 d5 26. b4 Rh8 27.
Bf3 d4 28. Rb3 Bxf3 29. Rxf3 Qe6 30. Qg5 f6 0-1

[Event "Vienna Chess Open 2013"]
[Site "Großer Festsaal im Wiener Rat"]
[Date "2013.08.18"]
[Round "2.31"]
[White "Alvir, Aco"]
[Black "Kuhn, Thomas"]
[Result "1-0"]
[WhiteElo "2172"]
[BlackElo "2383"]
[PlyCount "75"]
[EventDate "2013.??.??"]

1. e4 d5 2. exd5 Qxd5 3. Nc3 Qa5 4. d4 Nf6 5. Nf3 c6 6. Bc4 Bf5 7. Bd2 e6 8.
Nd5 Qd8 9. Nxf6+ gxf6 10. Bb3 a5 11. a4 Na6 12. O-O h5 13. Re1 h4 14. h3 Nb4
15. Re2 Bd6 16. Bxb4 axb4 17. d5 cxd5 18. Bxd5 Ra5 19. Bc4 Rc5 20. Bb5+ Ke7 21.
Rd2 Qb6 22. Qe2 Rhc8 23. Rad1 Bf4 24. Rd7+ Kf8 25. Nd4 Bxc2 26. Nxc2 Rxc2 27.
Rxf7+ Kxf7 28. Qh5+ Kg8 29. Qg6+ Kh8 30. Qxf6+ Kg8 31. Qg6+ Kh8 32. Qh5+ Kg8
33. Qg4+ Kh8 34. Qxh4+ Kg8 35. Qg4+ Kh8 36. Qxf4 e5 37. Qh4+ Kg8 38. Rd7 1-0

[Event "Vienna Chess Open 2013"]
[Site "Großer Festsaal im Wiener Rat"]
[Date "2013.08.18"]
[Round "2.32"]
[White "Tarasov, Alexander"]
[Black "Pirrot, Dieter"]
[Result "0-1"]
[WhiteElo "2377"]
[BlackElo "2179"]
[PlyCount "68"]
[EventDate "2013.??.??"]

1. d4 Nc6 2. Nf3 d5 3. c4 Bg4 4. Nc3 e6 5. cxd5 exd5 6. Qb3 Bb4 7. Ne5 Nxd4 8.
Qd1 Nc6 9. Nxg4 d4 10. a3 Be7 11. Na2 h5 12. e3 hxg4 13. Qxg4 Nf6 14. Qf3 Kf8
15. exd4 Nxd4 16. Qd3 Ng4 17. Be3 Nxe3 18. fxe3 Bh4+ 19. g3 Nf3+ 20. Kf2 Qf6
21. Qc3 Ne5+ 22. Kg1 Bg5 23. Be2 Re8 24. e4 Qg6 25. Qc2 Qe6 26. h4 Ng4 27. Bxg4
Qxg4 28. hxg5 Qxg3+ 29. Qg2 Qe3+ 30. Kf1 Rxh1+ 31. Qxh1 Rxe4 32. Qh5 Rf4+ 33.
Kg2 Rf2+ 34. Kh1 Qe4+ 0-1

[Event "Vienna Chess Open 2013"]
[Site "Großer Festsaal im Wiener Rat"]
[Date "2013.08.18"]
[Round "2.33"]
[White "Lugovskoy, Maxim"]
[Black "Ratko, Grab"]
[Result "0-1"]
[WhiteElo "2164"]
[BlackElo "2372"]
[PlyCount "170"]
[EventDate "2013.??.??"]

1. e4 c5 2. Nf3 Nc6 3. c3 d5 4. exd5 Qxd5 5. d4 cxd4 6. cxd4 e6 7. Nc3 Bb4 8.
Be2 Nf6 9. O-O Qa5 10. Bd2 O-O 11. a3 Be7 12. b4 Qd8 13. Bf4 Nd5 14. Nxd5 Qxd5
15. b5 Na5 16. Qa4 b6 17. Ne5 Bb7 18. Bf3 Qd8 19. Nc6 Qd7 20. Rad1 a6 21. d5
axb5 22. Qxb5 Bc5 23. Qb1 exd5 24. Ne5 Qa4 25. Bg3 d4 26. Bg4 Rad8 27. Rfe1 Bd5
28. Bf5 g6 29. Ng4 Qb3 30. Qc1 f6 31. Qh6 gxf5 32. Nxf6+ Rxf6 33. Qxf6 Nc6 34.
Be5 Nxe5 35. Qxd8+ Kg7 36. Qg5+ Ng6 37. h4 h6 38. Qd8 d3 39. Rd2 Be4 40. h5 Ne7
41. Re3 Qxa3 42. Re1 Qc3 43. Red1 Qe5 44. Rc1 Kf7 45. Rxd3 Bxd3 46. Qxd3 Bxf2+
47. Kh1 Qe4 48. Qh3 Qe3 49. Qxe3 Bxe3 50. Rb1 Kf6 51. g3 Kg5 52. Kg2 Kxh5 53.
Kf3 Bc5 54. Kf4 Kg6 55. g4 fxg4 56. Kxg4 Nd5 57. Re1 h5+ 58. Kh3 Kf5 59. Rf1+
Ke4 60. Kh4 Nf4 61. Rb1 Kf3 62. Rb3+ Ke4 63. Rb1 Bf2+ 64. Kg5 Kf3 65. Rb3+ Be3
66. Kh4 Ke4 67. Kg5 Bc5 68. Kh4 Be7+ 69. Kg3 h4+ 70. Kg4 Nd5 71. Rb1 Kd4 72.
Kf5 Kc4 73. Ke6 Bc5 74. Rb2 h3 75. Rc2+ Kd3 76. Rh2 Nf4+ 77. Kf5 Be3 78. Kg4
Bd2 79. Rh1 b5 80. Rb1 Kc4 81. Rb2 h2 82. Rb1 Nd3 83. Kh3 Bf4 84. Kg2 b4 85.
Kh1 Nf2+ 0-1

[Event "Vienna Chess Open 2013"]
[Site "Großer Festsaal im Wiener Rat"]
[Date "2013.08.18"]
[Round "2.34"]
[White "Higatsberger, Michael"]
[Black "Rosner, Jonas"]
[Result "1-0"]
[WhiteElo "2365"]
[BlackElo "2178"]
[PlyCount "63"]
[EventDate "2013.??.??"]

1. e4 c6 2. d4 d5 3. e5 Bf5 4. h4 h5 5. c4 e6 6. Nc3 Ne7 7. Nge2 dxc4 8. Ng3
Bg6 9. Bxc4 Nd7 10. Bg5 Qb6 11. O-O f6 12. exf6 gxf6 13. Bf4 Nd5 14. Nxd5 cxd5
15. Bd3 Bxd3 16. Qxd3 Kf7 17. Rac1 Bd6 18. Ne2 Rag8 19. g3 Rg4 20. Bxd6 Qxd6
21. Qa3 Qxa3 22. bxa3 Ke7 23. Rc7 Re4 24. Re1 b6 25. Kf1 Kd6 26. Rec1 Rd8 27.
R1c6+ Ke7 28. Nf4 Re8 29. Rxa7 Rb8 30. f3 Rxd4 31. Rxe6+ Kd8 32. Rd6 1-0

[Event "Vienna Chess Open 2013"]
[Site "Großer Festsaal im Wiener Rat"]
[Date "2013.08.18"]
[Round "2.35"]
[White "Kuznecov, Mikhail"]
[Black "RELEA, Nicolas"]
[Result "1-0"]
[WhiteElo "2162"]
[BlackElo "2364"]
[PlyCount "65"]
[EventDate "2013.??.??"]

1. d4 c5 2. dxc5 Qa5+ 3. Nc3 Qxc5 4. e4 Nf6 5. Be3 Qa5 6. Bd3 e6 7. f4 d5 8. e5
Nfd7 9. Nf3 Nc6 10. O-O a6 11. Ne2 Be7 12. c3 O-O 13. Ned4 Qc7 14. b4 Nd8 15.
Qb3 f6 16. exf6 Nxf6 17. Rae1 Bd6 18. g3 b5 19. Bd2 Bd7 20. Ng5 e5 21. fxe5
Bxe5 22. Qxd5+ Nf7 23. Bxh7+ Nxh7 24. Rxf7 Rxf7 25. Qxa8+ Nf8 26. Nxf7 Bxd4+
27. cxd4 Bc6 28. Qd8 Qxf7 29. Rf1 Bf3 30. Qc8 Qd5 31. Qc5 Qe4 32. Qe5 Qb7 33.
Qf4 1-0

[Event "Vienna Chess Open 2013"]
[Site "Großer Festsaal im Wiener Rat"]
[Date "2013.08.18"]
[Round "2.36"]
[White "Thurstan, Tim"]
[Black "Barle, Janez"]
[Result "1/2-1/2"]
[WhiteElo "2363"]
[BlackElo "2177"]
[PlyCount "107"]
[EventDate "2013.??.??"]

1. f4 e5 2. fxe5 d6 3. exd6 Bxd6 4. Nf3 Nf6 5. d4 O-O 6. Bg5 Re8 7. Qd3 Na6 8.
c3 c5 9. Nbd2 h6 10. Bxf6 Qxf6 11. e4 cxd4 12. Qxd4 Qe7 13. Bc4 Nc7 14. O-O-O
b5 15. Bb3 a5 16. e5 Bxe5 17. Nxe5 Qxe5 18. Qxe5 Rxe5 19. Nf3 Re8 20. Nd4 a4
21. Bc2 Bb7 22. Rd2 Be4 23. Rf1 Bxc2 24. Kxc2 Rad8 25. Nc6 Rxd2+ 26. Kxd2 Re6
27. Nd4 Rd6 28. Rf5 b4 29. Ra5 a3 30. bxa3 bxc3+ 31. Kxc3 Nd5+ 32. Kc4 Ne3+ 33.
Kc3 Nd5+ 34. Kc4 Ne3+ 35. Kc3 Nxg2 36. a4 Ne3 37. Rb5 Nd5+ 38. Kc4 Nc7 39. Kc5
Rd5+ 40. Kc4 Rd6 41. Rb8+ Kh7 42. Rb7 Ne6 43. Nxe6 fxe6 44. Rb2 Kg6 45. Kb5 Rd8
46. Kc6 Ra8 47. Rb4 e5 48. Kb7 Re8 49. a5 e4 50. a6 Re7+ 51. Kb6 Re6+ 52. Kb7
Re7+ 53. Kb6 Re6+ 54. Kb7 1/2-1/2

[Event "Vienna Chess Open 2013"]
[Site "Großer Festsaal im Wiener Rat"]
[Date "2013.08.19"]
[Round "3.1"]
[White "Sokolov, Ivan"]
[Black "Van Kerkhof, David"]
[Result "1-0"]
[WhiteElo "2300"]
[BlackElo "2656"]
[PlyCount "67"]
[EventDate "2013.??.??"]

1. d4 Nf6 2. c4 b6 3. Nc3 Bb7 4. Qc2 d5 5. cxd5 Nxd5 6. e4 Nxc3 7. bxc3 e5 8.
Nf3 exd4 9. Bc4 d3 10. Bxd3 Be7 11. O-O O-O 12. e5 h6 13. Be4 Bxe4 14. Qxe4 Na6
15. Nd4 Bg5 16. f4 Nc5 17. Qf3 Be7 18. Nc6 Qe8 19. f5 f6 20. e6 Bd6 21. Be3 a5
22. Rad1 a4 23. Rd4 a3 24. c4 Kh7 25. Rfd1 Ra4 26. Rh4 Rh8 27. Kh1 Nxe6 28.
fxe6 Qxe6 29. Nd4 Qf7 30. Bxh6 Kg8 31. Nf5 Rxc4 32. Qa8+ Bf8 33. Rxc4 Qxc4 34.
Bxg7 1-0

[Event "Vienna Chess Open 2013"]
[Site "Großer Festsaal im Wiener Rat"]
[Date "2013.08.19"]
[Round "3.2"]
[White "Beckhuis, Gernod"]
[Black "Fier, Alexandr"]
[Result "0-1"]
[WhiteElo "2595"]
[BlackElo "2295"]
[PlyCount "116"]
[EventDate "2013.??.??"]

1. Nf3 Nf6 2. c4 g6 3. Nc3 Bg7 4. e4 O-O 5. d4 d6 6. Be2 Nbd7 7. O-O e5 8. Qc2
exd4 9. Nxd4 Re8 10. Rd1 c6 11. Bf4 Qe7 12. Bf1 Nh5 13. Be3 Nc5 14. Re1 Bd7 15.
f3 Qf8 16. Rad1 f5 17. exf5 gxf5 18. b4 Na6 19. a3 Be5 20. Qd2 f4 21. Bf2 Qg7
22. Nde2 Bf5 23. Bd4 Nc7 24. c5 Ne6 25. Bf2 d5 26. Kh1 Ng3+ 27. Nxg3 fxg3 28.
Rxe5 Qxe5 29. Bxg3 Qf6 30. Ne2 a5 31. Bd6 axb4 32. Qxb4 Qg7 33. Ng3 Bc2 34. Rd2
Ra4 35. Qb6 Bg6 36. Re2 Rxa3 37. f4 Qf7 38. Rf2 Ng7 39. Qb2 Ree3 40. Be5 Nf5
41. Nxf5 Bxf5 42. Bd4 Reb3 43. Qe2 Qe6 44. Qh5 h6 45. Qh4 Rb1 46. Qd8+ Kf7 47.
h3 Rd3 48. Qh8 Rg3 49. Kh2 Rg8 50. Qe5 Re1 51. Qxe6+ Kxe6 52. g4 Be4 53. f5+
Kf7 54. Be2 Ra8 55. g5 hxg5 56. Bh5+ Kf8 57. f6 Rh1+ 58. Kg3 Ra3+ 0-1

[Event "Vienna Chess Open 2013"]
[Site "Großer Festsaal im Wiener Rat"]
[Date "2013.08.19"]
[Round "3.3"]
[White "Buhmann, Rainer"]
[Black "Mork, Kjell Arne"]
[Result "1-0"]
[WhiteElo "2289"]
[BlackElo "2583"]
[PlyCount "107"]
[EventDate "2013.??.??"]

1. Nf3 Nf6 2. c4 Nc6 3. d4 e6 4. a3 d6 5. Nc3 g6 6. e4 Bg7 7. Be2 O-O 8. O-O
Re8 9. Be3 e5 10. dxe5 dxe5 11. h3 Be6 12. b4 Nh5 13. Qxd8 Raxd8 14. Nd5 Nd4
15. Bd1 Rd7 16. Ng5 c6 17. Nxe6 Nxe6 18. Nc3 Rd3 19. Na4 Nf6 20. Nb2 Rd7 21. f3
Nd4 22. c5 b6 23. cxb6 axb6 24. Nc4 b5 25. Na5 Rc7 26. Rc1 Nd7 27. Bxd4 exd4
28. Rxc6 Rxc6 29. Nxc6 Re6 30. Na5 d3 31. Bb3 Bd4+ 32. Kh1 Rd6 33. Rd1 Be3 34.
Bd5 Ne5 35. g3 g5 36. Nc6 Nxc6 37. Rxd3 Bd4 38. Bxc6 Rxc6 39. Rxd4 Rc3 40. Rd5
h6 41. Kg2 Rxa3 42. h4 gxh4 43. gxh4 Rb3 44. Rxb5 Kg7 45. Rb6 Rb1 46. b5 Rb3
47. h5 Rb1 48. e5 Re1 49. f4 Re2+ 50. Kg3 Re1 51. Rb8 Rg1+ 52. Kf2 Rh1 53. b6
Rxh5 54. Kg2 1-0

[Event "Vienna Chess Open 2013"]
[Site "Großer Festsaal im Wiener Rat"]
[Date "2013.08.19"]
[Round "3.4"]
[White "De Marchi, Olivier"]
[Black "Shengelia, David"]
[Result "0-1"]
[WhiteElo "2565"]
[BlackElo "2287"]
[PlyCount "76"]
[EventDate "2013.??.??"]

1. d4 Nf6 2. c4 e6 3. g3 c5 4. d5 exd5 5. cxd5 d6 6. Nc3 a6 7. a4 g6 8. Bg2 Bg7
9. Nf3 O-O 10. O-O Nbd7 11. h3 Re8 12. Nd2 Rb8 13. Nc4 Ne5 14. Na3 Nh5 15. e4
b6 16. Re1 c4 17. Bf1 Qf6 18. Re3 Bh6 19. Nxc4 Bxe3 20. Bxe3 Nxc4 21. Bxc4 Bxh3
22. Bxa6 Qe7 23. Bd3 f5 24. exf5 Nxg3 25. fxg6 Bf5 26. Bf4 Ne4 27. Nxe4 Bxe4
28. Bxe4 Qxe4 29. gxh7+ Kh8 30. Be3 Qg6+ 31. Kf1 Re4 32. Rc1 Qf6 33. Qd3 Rbe8
34. Bd2 Qh4 35. Be3 Rxe3 36. fxe3 Qh1+ 37. Ke2 Qxc1 38. Qd4+ Re5 0-1

[Event "Vienna Chess Open 2013"]
[Site "Großer Festsaal im Wiener Rat"]
[Date "2013.08.19"]
[Round "3.5"]
[White "Novikov, Stanislav"]
[Black "MINKO, VLADIMIR."]
[Result "1-0"]
[WhiteElo "2287"]
[BlackElo "2545"]
[PlyCount "59"]
[EventDate "2013.??.??"]

1. e4 c5 2. Nf3 e6 3. g3 d5 4. d3 Nc6 5. Qe2 Nf6 6. Bg2 Be7 7. O-O O-O 8. e5
Nd7 9. c4 dxc4 10. dxc4 Qc7 11. Bf4 b6 12. Nc3 Bb7 13. Nb5 Qc8 14. Bg5 Bxg5 15.
Nxg5 h6 16. Ne4 Qb8 17. f4 a6 18. Nbd6 Nd4 19. Qh5 Bc6 20. Rad1 Qc7 21. g4 f5
22. gxf5 exf5 23. Rxd4 cxd4 24. Nxf5 Nc5 25. Nf6+ Rxf6 26. exf6 Bxg2 27. Qg6
Ne6 28. Ne7+ Kf8 29. f5 Be4 30. Qh7 1-0

[Event "Vienna Chess Open 2013"]
[Site "Großer Festsaal im Wiener Rat"]
[Date "2013.08.19"]
[Round "3.6"]
[White "Kirschner, Alexander"]
[Black "Krivoborodov, Egor"]
[Result "1/2-1/2"]
[WhiteElo "2502"]
[BlackElo "2276"]
[PlyCount "38"]
[EventDate "2013.??.??"]

1. c4 b6 2. Nc3 Bb7 3. e4 e6 4. Nge2 c5 5. g3 g6 6. Bg2 Bg7 7. d4 cxd4 8. Nxd4
a6 9. Be3 Ne7 10. O-O O-O 11. f4 Nbc6 12. Qd2 Qc7 13. Rac1 Rfd8 14. Rfd1 Rab8
15. Ncb5 axb5 16. Nxb5 Qc8 17. Nd6 Qc7 18. Nb5 Qc8 19. Nd6 Qc7 1/2-1/2

[Event "Vienna Chess Open 2013"]
[Site "Großer Festsaal im Wiener Rat"]
[Date "2013.08.19"]
[Round "3.7"]
[White "Ganaus, Hannes"]
[Black "Kim, Alexey"]
[Result "1/2-1/2"]
[WhiteElo "2477"]
[BlackElo "2269"]
[PlyCount "26"]
[EventDate "2013.??.??"]

1. d4 Nf6 2. c4 e6 3. Nc3 d5 4. Bg5 Be7 5. e3 O-O 6. Nf3 h6 7. Bxf6 Bxf6 8. Rc1
b6 9. cxd5 exd5 10. Bd3 Be6 11. O-O c5 12. e4 cxd4 13. Nxd5 Bxd5 1/2-1/2

[Event "Vienna Chess Open 2013"]
[Site "Großer Festsaal im Wiener Rat"]
[Date "2013.08.19"]
[Round "3.8"]
[White "Sipila, Vilka"]
[Black "Rohacek, Miroslav"]
[Result "1-0"]
[WhiteElo "2268"]
[BlackElo "2474"]
[PlyCount "71"]
[EventDate "2013.??.??"]

1. Nf3 d5 2. d4 c5 3. c4 cxd4 4. cxd5 Nf6 5. Qxd4 Qxd5 6. Nc3 Qxd4 7. Nxd4 a6
8. Bf4 Nbd7 9. Bc7 e6 10. a3 Be7 11. g3 Ra7 12. Bg2 b6 13. Bf4 Bb7 14. Nc6 Bxc6
15. Bxc6 O-O 16. O-O Rc8 17. Bf3 b5 18. Rac1 e5 19. Nd5 Nc5 20. Bxe5 Nxd5 21.
Bxd5 Rd7 22. e4 Rcd8 23. Rc3 a5 24. Rfc1 Ne6 25. Rc6 Rxd5 26. exd5 Rxd5 27.
Rc8+ Nf8 28. Re1 Bc5 29. Bf4 f6 30. Rc1 Bd4 31. R1c2 Kf7 32. Rd2 Ne6 33. Be3
Rd6 34. Rb8 Rd5 35. Ra8 a4 36. Ra6 1-0

[Event "Vienna Chess Open 2013"]
[Site "Großer Festsaal im Wiener Rat"]
[Date "2013.08.19"]
[Round "3.9"]
[White "Klyuev, Alexander"]
[Black "Akesson, Ralf"]
[Result "0-1"]
[WhiteElo "2455"]
[BlackElo "2268"]
[PlyCount "158"]
[EventDate "2013.??.??"]

1. e4 c5 2. Nf3 e6 3. d4 cxd4 4. Nxd4 Nc6 5. Nc3 Qc7 6. Be2 a6 7. O-O Nf6 8.
Nxc6 bxc6 9. Kh1 d5 10. Bd3 Bb7 11. Bg5 Be7 12. f4 c5 13. exd5 exd5 14. Bxf6
Bxf6 15. Qh5 O-O-O 16. Be2 Kb8 17. Bf3 g6 18. Qh3 Rhe8 19. Rad1 Re3 20. Qg3
Bxc3 21. bxc3 Rxc3 22. Qe1 Rxc2 23. Bxd5 Bxd5 24. Rxd5 Rxd5 25. Qb1+ Ka7 26.
Qxc2 c4 27. h3 c3 28. Rf3 Rc5 29. Rd3 h5 30. Qf2 Kb7 31. Rd7 Qxd7 32. Qxc5 Qd3
33. Qe7+ Kb6 34. Qb4+ Kc6 35. Qa4+ Kc7 36. Qa5+ Kd7 37. Qa4+ Ke7 38. Qb4+ Kf6
39. Kh2 Kg7 40. Qc5 c2 41. Qe5+ Kh7 42. Qc7 Qf5 43. g4 hxg4 44. hxg4 c1=Q 45.
Qxc1 Qxg4 46. Qd2 Qf3 47. a4 Kh6 48. Qd6 Qe2+ 49. Kg3 Qe3+ 50. Kh2 Qe2+ 51. Kg3
Qe3+ 52. Kh2 Qe6 53. Qc5 f5 54. Qf2 Qe4 55. Qg3 Qe2+ 56. Kh3 Qh5+ 57. Kg2 Qe2+
58. Kh3 a5 59. Qg5+ Kg7 60. Qg3 Qf1+ 61. Kh2 Qc1 62. Qf2 Qc3 63. Qe2 Kh6 64.
Qg2 Qe3 65. Qg5+ Kg7 66. Qh4 Qd2+ 67. Kg1 Qd4+ 68. Kh2 Qb2+ 69. Kg1 Qf6 70. Qf2
Qa1+ 71. Kg2 Qxa4 72. Qb2+ Kh7 73. Qb8 Qd7 74. Kg3 Qe7 75. Qb6 a4 76. Qd4 a3
77. Kh3 a2 78. Kg3 Qg7 79. Qd2 a1=Q 0-1

[Event "Vienna Chess Open 2013"]
[Site "Großer Festsaal im Wiener Rat"]
[Date "2013.08.19"]
[Round "3.10"]
[White "Abdumalik, Zhansaya"]
[Black "Fauland, Alexander"]
[Result "0-1"]
[WhiteElo "2447"]
[BlackElo "2265"]
[PlyCount "172"]
[EventDate "2013.??.??"]

1. e4 c5 2. Nf3 e6 3. d4 cxd4 4. Nxd4 Nf6 5. Bd3 Nc6 6. Nb3 d5 7. Nc3 dxe4 8.
Nxe4 Nxe4 9. Bxe4 Qxd1+ 10. Kxd1 Bd7 11. c3 O-O-O 12. f3 Ne5 13. Bf4 Nc4 14.
Kc2 e5 15. Bd2 Be6 16. g4 h5 17. h3 Be7 18. Rad1 Nxd2 19. Nxd2 g6 20. b3 f5 21.
gxf5 gxf5 22. Bd3 Rhg8 23. Rhe1 Bf6 24. Nc4 Rg2+ 25. Rd2 Rxd2+ 26. Kxd2 e4 27.
fxe4 fxe4 28. Rxe4 Bxh3 29. Kc2 h4 30. Ne3 Rh8 31. Ng4 Bd8 32. Nf2 Bd7 33. Re1
Rf8 34. Nh1 h3 35. Be4 Bc7 36. Kd3 h2 37. Re3 Bg4 38. Re1 Rd8+ 39. Ke3 Re8 40.
Kd3 Bd7 41. Rf1 Bh3 42. Rf2 Rd8+ 43. Ke2 Re8 44. Kd3 Rg8 45. Ke2 Bd7 46. Rf1
Bd6 47. c4 Kc7 48. Rf7 b6 49. Bd5 Re8+ 50. Kd2 a5 51. Rh7 Bf4+ 52. Kd3 Kd6 53.
Rf7 Bg5 54. Nf2 Be6 55. Ne4+ Ke5 56. Rh7 Bf4 57. Rh5+ Bf5 58. Kc3 Rd8 59. Nd2
Kf6 60. Nf1 Kg6 61. Rxh2 Be5+ 62. Kd2 Bxh2 63. Nxh2 Be4 64. Ng4 Bxd5 65. cxd5
Rxd5+ 66. Kc3 b5 67. Ne3 Rg5 68. Nc2 Kf6 69. Nd4 b4+ 70. Kb2 Ke7 71. a3 Kd6 72.
Nc2 Rg2 73. axb4 axb4 74. Kb1 Rg4 75. Kb2 Re4 76. Kc1 Rh4 77. Kb2 Kd5 78. Kb1
Rd4 79. Kc1 Re4 80. Kb1 Kc5 81. Kc1 Rh4 82. Kb2 Rh3 83. Ka2 Rh2 84. Kb1 Kd5 85.
Kc1 Rxc2+ 86. Kxc2 Ke5 0-1